| 000 | 00744nas a2200265 454500 | ||
|---|---|---|---|
| 001 | IICA0600451 | ||
| 003 | BR-BrBNA | ||
| 005 | 20260323111526.0 | ||
| 007 | ta | ||
| 008 | 260323b bl.|||p| |||| 00| 00por d | ||
| 040 |
_aBR-BrBNA _bpor _cBiblioteca Nacional de Agricultura |
||
| 041 | _a(En) | ||
| 072 | _aH20 | ||
| 100 | 1 | _aAllen, R.M. | |
| 245 | 1 | _aA virus-type disease of Gros Michel Bananas in Costa Rica | |
| 300 | _av. 7 (3) p. 72-83 | ||
| 650 | _aBANANA | ||
| 650 | _aMUSA SPP | ||
| 650 | _aDOENCA DE PLANTA | ||
| 650 | _aVIRUS | ||
| 650 | _aCONTROLE CULTURAL | ||
| 773 | 0 |
_tTURRIALBA (IICA) _X0041-4360 _g(Jul-Sept 1957), v. 7 (3) p. 72-83 _wIICA0600451 |
|
| 909 |
_a202603 _bLúcia _c55 _dLúcia Elande |
||
| 942 |
_2IICA _n0 _cANA |
||
| 999 |
_c340702 _d340702 |
||